Matemáticas financieras

Salvato in:
Dettagli Bibliografici
Autore principale: Portus Govinden, Lincoyán (Autore)
Natura: Libro
Lingua:spagnolo
Pubblicazione: Ciudad de México McGraw-Hill 1975
Soggetti:
Tags: Aggiungi Tag
Nessun Tag, puoi essere il primo ad aggiungerne!!

MARC

LEADER 00000nam a2200000 a 4500
001 UCU2773
003 CL-VaPUC
008 960426e19750000MX |||||||||||||||||spa|d
082 0 4 |a 330.0151  |b POR  |2 21 
100 0 |a Portus Govinden, Lincoyán  |e author  |9 359290 
245 1 0 |a Matemáticas financieras 
300 |a 323 p 
942 |c BK 
945 |d 19960426 00:00:00  |a lriquelm 
260 |a Ciudad de México  |b McGraw-Hill  |c 1975 
650 0 |a Matemática  |9 260235 
650 0 |a Economía   |9 255568 
650 7 |a INTERESES  |2 CL-VaPUC  |9 358017 
650 0 |a Matemática aplicada   |9 260236 
650 0 |a Cálculo  |9 260234 
583 |a last modification  |c 19960426 00:00:00  |k Rodrigo Vera 
999 |c 246996  |d 246994 
952 |0 0  |1 0  |4 0  |6 330_015100000000000_POR_1975  |7 0  |8 A  |9 262429  |a BIBING  |b BIBING  |d 2019-11-19  |i 1643126  |o 330.0151 POR 1975  |p 1643126  |r 2025-01-20  |w 2019-11-19  |y BK  |k TRA 
952 |0 0  |1 0  |4 0  |6 330_015100000000000_POR_1975  |7 0  |8 A  |9 262430  |a BIBENE  |b BIBENE  |d 2019-11-19  |i 1947672  |o 330.0151 POR 1975  |p 1947672  |r 2025-01-15  |w 2019-11-19  |y BK  |k ICO 
952 |0 0  |1 0  |4 0  |6 330_015100000000000_POR_1975  |7 0  |8 A  |9 262431  |a BIBENE  |b BIBENE  |d 2019-11-19  |i 1402099  |o 330.0151 POR 1975  |p 1402099  |r 2025-01-15  |w 2019-11-19  |y BK  |k ICO 
952 |0 0  |1 0  |4 0  |6 330_015100000000000_POR_1975  |7 0  |8 A  |9 262432  |a BIBGIM  |b BIBGIM  |d 2019-11-19  |i 1408178  |o 330.0151 POR 1975  |p 1408178  |r 2025-01-15  |w 2019-11-19  |y BK  |k COM